000 00289nam a22001097a 4500
008 170106b xxu||||| |||| 00| 0 eng d
020 _a9780803608962
041 _aeng
080 _a618.2
245 _aRESEARCH FOR NURSES METHODS AND INTERPRETATION
_cGILLIS, A & JACKSON, W
942 _2udc
_cBK
999 _c2602
_d2602